Economics / (Record no. 23445)
[ view plain ]
| 000 -LEADER | |
|---|---|
| fixed length control field | 00924cam a22003135a 4500 |
| 001 - CONTROL NUMBER | |
| control field | 017559341 |
| 003 - CONTROL NUMBER IDENTIFIER | |
| control field | OSt |
| 005 - DATE AND TIME OF LATEST TRANSACTION | |
| control field | 20201128024035.0 |
| 008 - FIXED-LENGTH DATA ELEMENTS--GENERAL INFORMATION | |
| fixed length control field | 150921t2016 enka frd 001 0 eng d |
| 020 ## - INTERNATIONAL STANDARD BOOK NUMBER | |
| International Standard Book Number | 9781292094618 |
| 020 ## - INTERNATIONAL STANDARD BOOK NUMBER | |
| International Standard Book Number | 1292094613 |
| 020 ## - INTERNATIONAL STANDARD BOOK NUMBER | |
| International Standard Book Number | 9781292094502 |
| 020 ## - INTERNATIONAL STANDARD BOOK NUMBER | |
| International Standard Book Number | 1292094508 |
| 040 ## - CATALOGING SOURCE | |
| Original cataloging agency | StDuBDS |
| Language of cataloging | eng |
| Transcribing agency | StDuBDS |
| Modifying agency | EG-ScBUE |
| -- | EG-ScBUE |
| 082 04 - DEWEY DECIMAL CLASSIFICATION NUMBER | |
| Classification number | 330 |
| Item number | PAR |
| Edition number | 22 |
| 100 1# - MAIN ENTRY--PERSONAL NAME | |
| Personal name | Parkin, Michael, |
| Dates associated with a name | 1939- |
| 9 (RLIN) | 29101 |
| 245 10 - TITLE STATEMENT | |
| Title | Economics / |
| Statement of responsibility, etc | Michael Parkin. |
| 250 ## - EDITION STATEMENT | |
| Edition statement | 12th ed., Global ed. |
| 260 ## - PUBLICATION, DISTRIBUTION, ETC. (IMPRINT) | |
| Place of publication, distribution, etc | Harlow : |
| Name of publisher, distributor, etc | Pearson Education Limited, |
| Date of publication, distribution, etc | c.2016. |
| 300 ## - PHYSICAL DESCRIPTION | |
| Extent | (Various pagings) : |
| Other physical details | ill. ; |
| Dimensions | 28 cm. |
| 500 ## - GENERAL NOTE | |
| General note | Includes student access code inside : My management lab.<br/> |
| 500 ## - GENERAL NOTE | |
| General note | Includes index. |
| 500 ## - GENERAL NOTE | |
| General note | Includes glossary. |
| 650 #7 - SUBJECT ADDED ENTRY--TOPICAL TERM | |
| Topical term or geographic name as entry element | Economics. |
| Source of heading or term | BUEsh |
| 9 (RLIN) | 720 |
| 651 ## - SUBJECT ADDED ENTRY--GEOGRAPHIC NAME | |
| Source of heading or term | BUEsh |
| 653 ## - INDEX TERM--UNCONTROLLED | |
| Resource For college | BAEPS, Economics |
| Arrived date list | December2016 |
| -- | October2017 |
| 655 ## - INDEX TERM--GENRE/FORM | |
| Form subdivision | Text book |
| -- | 33728 |
| 942 ## - ADDED ENTRY ELEMENTS (KOHA) | |
| Source of classification or shelving scheme | Dewey Decimal Classification |
| Withdrawn status | Item status | Source of classification or shelving scheme | Damaged status | Not for loan | Vendor | Home library | Current library | Shelving location | Date acquired | Source of acquisition | Cost, normal purchase price | Serial Enumeration / chronology | Total Checkouts | Full call number | Barcode | Date last seen | Date last borrowed | Cost, replacement price | Koha item type | Total Renewals |
|---|---|---|---|---|---|---|---|---|---|---|---|---|---|---|---|---|---|---|---|---|
| Dewey Decimal Classification | Baccah | Central Library | Central Library | First floor | 04/12/2016 | Purchase | 480.00 | 25140 | 2 | 330 PAR | 000040260 | 15/07/2025 | 06/09/2017 | 600.00 | NB - Book (Non borrowing) | |||||
| Dewey Decimal Classification | Baccah | Central Library | Central Library | First floor | 29/10/2017 | Purchase | 550.00 | 330 PAR | 000042318 | 15/07/2025 | NB - Book (Non borrowing) | |||||||||
| Dewey Decimal Classification | Baccah | Central Library | Central Library | First floor | 29/10/2017 | Purchase | 2 | 330 PAR | 000042319 | 15/07/2025 | 18/12/2019 | Book - Borrowing | 74 | |||||||
| Dewey Decimal Classification | Baccah | Central Library | Central Library | First floor | 29/10/2017 | Purchase | 6 | 330 PAR | 000042320 | 15/07/2025 | 08/11/2020 | Book - Borrowing | 16 | |||||||
| Dewey Decimal Classification | Baccah | Central Library | Central Library | First floor | 29/10/2017 | Purchase | 1 | 330 PAR | 000042321 | 15/07/2025 | 16/08/2018 | Book - Borrowing | 3 |